Everyday habits for transforming systems (Record no. 4818)

MARC details
000 -CABECERA
campo de control de longitud fija 01862nam a22002057a 4500
008 - DATOS DE LONGITUD FIJA--INFORMACIÓN GENERAL
campo de control de longitud fija 250703b |||||||| |||| 00| 0 eng d
020 ## - NÚMERO INTERNACIONAL ESTÁNDAR DEL LIBRO
Número Internacional Estándar del Libro 9781523006861
040 ## - FUENTE DE LA CATALOGACIÓN
Centro/agencia transcriptor tbs
041 ## - CÓDIGO DE LENGUA
Código de lengua del texto/banda sonora o título independiente eng
050 ## - SIGNATURA TOPOGRÁFICA DE LA BIBLIOTECA DEL CONGRESO
Número de clasificación HM831
Número de documento/Ítem .K34 2025
100 ## - ENTRADA PRINCIPAL--NOMBRE DE PERSONA
Nombre de persona Kahane, Adam
9 (RLIN) 25649
Término indicativo de función/relación author
245 ## - MENCIÓN DE TÍTULO
Título Everyday habits for transforming systems
Resto del título : the catalytic power of radical engagement
Mención de responsabilidad, etc. / Adam Kahane.
260 ## - PUBLICACIÓN, DISTRIBUCIÓN, ETC.
Lugar de publicación, distribución, etc. Oakland, CA :
Nombre del editor, distribuidor, etc. Berrett-Koehler Publishers,
Fecha de publicación, distribución, etc. 2025.
300 ## - DESCRIPCIÓN FÍSICA
Extensión xii, 184 pages :
Otras características físicas illustrations ;
Dimensiones 22 cm.
505 ## - NOTA DE CONTENIDO CON FORMATO
Nota de contenido con formato Introduction : transforming systems requires engaging radically — Acting responsibly — Relating in three dimensions — Looking for what's unseen — Working with cracks —<br/>Experimenting a way forward — Collaborating with unlike others — Persevering and resting — Conclusion : begin anywhere.
520 ## - SUMARIO, ETC.
Sumario, etc. Adam Kahane's Everyday Habits of Systems Transformers offers a set of straightforward, high-leverage everyday personal practices that are explicitly linked to transforming larger social systems. More and more people are coming to understand that the way the world is designed isn't working for most, and they can neither ignore this reality nor change it just through acting on their own. Systemic transformation, rather than just individual leadership or personal growth practices, is necessary to create a better world. What practices enable leaders to transform systems? This book aims to inspire and instruct the reader on practical, day-to-day ways to work more effectively with others across deep political, economic, social, cultural, and sectoral differences to transform social systems. Incorporating real stories, it is suspenseful and human, full of trial and error, failure as well as success, in pursuit of a better world.
650 #0 - PUNTO DE ACCESO ADICIONAL DE MATERIA--TÉRMINO DE MATERIA
Término de materia o nombre geográfico como elemento de entrada Social change
9 (RLIN) 9235
650 #0 - PUNTO DE ACCESO ADICIONAL DE MATERIA--TÉRMINO DE MATERIA
Término de materia o nombre geográfico como elemento de entrada Social action
9 (RLIN) 25650
942 ## - ELEMENTOS DE ENTRADA AGREGADA (KOHA)
Fuente del sistema de clasificación o colocación Clasificación de Library of Congress
Holdings
Estado de retiro Estado de pérdida Fuente del sistema de clasificación o colocación Estado dañado No para préstamo Biblioteca de origen Biblioteca actual Fecha de adquisición Total de préstamos Signatura topográfica completa Código de barras Fecha visto por última vez Número de copia Precio válido a partir de Tipo de ítem Koha
    Clasificación de Library of Congress     TBS Barcelona TBS Barcelona 03/07/2025   HM831 KAH B05805 03/07/2025 1 03/07/2025 Book

Powered by Koha